Statistical procedures for agricultural research (Record no. 45008)

MARC details
000 -LEADER
fixed length control field 00413nam a2200157Ia 4500
020 ## - INTERNATIONAL STANDARD BOOK NUMBER
ISBN 0471870927
082 ## - DEWEY DECIMAL CLASSIFICATION NUMBER
Classification number 31:63
Item number GOM;3
100 ## - MAIN ENTRY--AUTHOR NAME
Personal name Gomez, Arturo A
245 #0 - TITLE STATEMENT
Title Statistical procedures for agricultural research
250 ## - EDITION STATEMENT
Edition statement Ed.2
260 ## - PUBLICATION, DISTRIBUTION, ETC. (IMPRINT)
Place of publication New York
Name of publisher John Wiley & Sons
Year of publication 1984
505 ## - FORMATTED CONTENTS NOTE
Formatted contents note RRS, Sukma
700 ## - ADDED ENTRY--PERSONAL NAME
Personal name Gomez, Kwanchai A
942 ## - ADDED ENTRY ELEMENTS (KOHA)
Koha item type Books
Holdings
Withdrawn status Lost status Damaged status Not for loan Collection code Home library Current library Date acquired Cost, normal purchase price Full call number Accession Number Koha item type
        Out of station RRII Library RRII Library 16/12/2021 89.95 31:63 GOM;3 Z00234 Books